[Event "1. Bl. 0607"]
[Site "?"]
[Date "2006.11.05"]
[Round "3.6"]
[White "Hoellrigl, Wilfried"]
[Black "Petschar, Kurt"]
[Result "0-1"]
[WhiteElo "2256"]
[BlackElo "2273"]
[PlyCount "71"]
[EventDate "2006.11.03"]
[EventType "team"]
[EventRounds "11"]
[EventCountry "AUT"]
[WhiteTeam "SK Sparkasse Jenbach"]
[BlackTeam "SC Die Klagenfurter"]

1. e4 e5 2. Nf3 Nc6 3. Nc3 Nf6 4. Bb5 Bb4 5. O-O Bxc3 6. dxc3 d6 7. Bg5 h6 8.
Bh4 g5 9. Nxg5 hxg5 10. Bxg5 Rg8 11. f4 exf4 12. h4 Rxg5 13. hxg5 Ng4 14. Qd4
Qxg5 15. Qh8+ Ke7 16. e5 Ngxe5 17. Rae1 a6 18. Bc4 b5 19. Bd5 Be6 20. Qxa8 Bxd5
21. Rf2 Kd7 22. Qh8 f3 23. Qh3+ f5 24. b3 Qg4 25. Qxg4 fxg4 26. g3 Ne7 27. Rh2
Be6 28. Kf2 Bf5 29. Rc1 Nd5 30. Rh8 Nxc3 31. Ke3 Nxa2 32. Ra1 Nb4 33. Kf4 Bxc2
34. Rg8 Bxb3 35. Rg7+ Kc6 36. Ke4 0-1

[Event "1. Bl. 0607"]
[Site "?"]
[Date "2006.11.05"]
[Round "3.1"]
[White "Bokros, Albert"]
[Black "Gustafsson, Jan"]
[Result "1/2-1/2"]
[WhiteElo "2465"]
[BlackElo "2584"]
[PlyCount "70"]
[EventDate "2006.11.03"]
[EventType "team"]
[EventRounds "11"]
[EventCountry "AUT"]
[WhiteTeam "SK Leoben"]
[BlackTeam "SK Hohenems"]

1. e4 e5 2. Nf3 Nc6 3. Bb5 a6 4. Ba4 Nf6 5. d4 exd4 6. O-O Be7 7. e5 Ne4 8.
Nxd4 O-O 9. Nf5 d5 10. exd6 Bxf5 11. dxe7 Nxe7 12. Bb3 Qxd1 13. Rxd1 Rad8 14.
Re1 Nd5 15. f3 Nef6 16. Bg5 h6 17. Bxf6 Nxf6 18. Nc3 Rd7 19. Rad1 Rfd8 20. Rxd7
Rxd7 21. Rd1 Rxd1+ 22. Nxd1 Kf8 23. Ne3 Bd7 24. Kf2 Ke7 25. Nd5+ Nxd5 26. Bxd5
b6 27. Ke3 f6 28. g3 Kd6 29. Be4 Be6 30. a3 c5 31. f4 g5 32. c3 a5 33. b4 cxb4
34. cxb4 axb4 35. axb4 Bd7 1/2-1/2

[Event "1. Bl. 0607"]
[Site "?"]
[Date "2006.11.05"]
[Round "3.2"]
[White "Baramidze, David"]
[Black "Horvath, Peter"]
[Result "1/2-1/2"]
[WhiteElo "2561"]
[BlackElo "2451"]
[PlyCount "49"]
[EventDate "2006.11.03"]
[EventType "team"]
[EventRounds "11"]
[EventCountry "AUT"]
[WhiteTeam "SK Hohenems"]
[BlackTeam "SK Leoben"]

1. e4 c5 2. Nf3 Nc6 3. d4 cxd4 4. Nxd4 Nf6 5. Nc3 e5 6. Ndb5 d6 7. Bg5 a6 8.
Na3 b5 9. Nd5 Be7 10. Bxf6 Bxf6 11. c3 Bg5 12. Nc2 Ne7 13. Ncb4 O-O 14. a4 bxa4
15. Rxa4 a5 16. Nxe7+ Qxe7 17. Bc4 Bd7 18. Nd5 Qd8 19. Ra3 Be6 20. O-O Qc8 21.
Qe2 Bd8 22. Rfa1 Bxd5 23. Bxd5 Rb8 24. Ra4 Bb6 25. Rc4 1/2-1/2

[Event "1. Bl. 0607"]
[Site "?"]
[Date "2006.11.05"]
[Round "3.3"]
[White "Bachler, Reinhard"]
[Black "Atlas, Valeri"]
[Result "1/2-1/2"]
[WhiteElo "2270"]
[BlackElo "2488"]
[PlyCount "231"]
[EventDate "2006.11.03"]
[EventType "team"]
[EventRounds "11"]
[EventCountry "AUT"]
[WhiteTeam "SK Leoben"]
[BlackTeam "SK Hohenems"]

1. f4 Nf6 2. Nf3 e6 3. c3 b6 4. d3 d5 5. Qc2 Bb7 6. Nbd2 c5 7. e4 Nc6 8. e5 Nd7
9. Nb3 Rc8 10. d4 Be7 11. Be3 O-O 12. h4 f5 13. Ng5 Bxg5 14. hxg5 Qe7 15. Qf2
cxd4 16. Bxd4 g6 17. Rh3 Ncb8 18. Bd3 Nc5 19. Bc2 Ne4 20. Qg1 Nd7 21. O-O-O Rf7
22. g4 fxg4 23. Qxg4 Nf8 24. Nd2 Nxd2 25. Rxd2 Bc6 26. Rdh2 Rg7 27. Qe2 Be8 28.
Kb1 Qf7 29. Rh4 Qc7 30. Bd3 Qd8 31. Qg4 Rcc7 32. Qg1 Bc6 33. b4 Bd7 34. b5 Be8
35. Rb2 Nd7 36. Qe3 Nc5 37. Bc2 Nb7 38. Qh3 Qe7 39. Bd1 Na5 40. Bg4 Bd7 41. Rb4
Rc4 42. Rb2 Rc7 43. Rb4 Nc4 44. Be2 Nd2+ 45. Kb2 Ne4 46. Bd3 Bc8 47. Qe3 Nc5
48. Bc2 Nb7 49. Bd3 Na5 50. Qe2 Bd7 51. a4 Qf8 52. Qh2 Bc8 53. Qe2 Bb7 54. Qg4
Qc8 55. Qh3 Nc4+ 56. Kc2 Rcf7 57. Qf1 Qf8 58. Qc1 Rc7 59. Qh1 Rce7 60. Qh3 Qc8
61. Be2 a6 62. bxa6 Bxa6 63. Bxc4 Bxc4 64. Bxb6 Re8 65. Qe3 Qa6 66. Rh2 Bf1 67.
Rf2 Rc8 68. Qf3 Bc4 69. Qd1 Rf7 70. Qd4 Bf1 71. Kb2 Bd3 72. a5 Bf5 73. Kc1 Rcf8
74. Kd2 Be4 75. Ke3 h6 76. gxh6 g5 77. c4 Rxf4 78. Rxf4 Rxf4 79. Bd8 Rf3+ 80.
Ke2 g4 81. Qb6 Qc8 82. Qb7 Qxb7 83. Rxb7 d4 84. Rg7+ Kf8 85. Be7+ Ke8 86. h7
d3+ 87. Ke1 Re3+ 88. Kd1 Rh3 89. Rg8+ Kxe7 90. h8=Q Rxh8 91. Rxh8 Kf7 92. Kd2
g3 93. Rh3 g2 94. Rg3 Ke7 95. a6 Kd7 96. a7 Kc7 97. a8=Q Bxa8 98. Kxd3 Kb6 99.
Kd4 Bb7 100. Rg7 Ba8 101. Rg6 Bc6 102. Rg3 Ba8 103. Rb3+ Kc7 104. Rb1 Kc6 105.
Rd1 Kb6 106. Rc1 Bb7 107. c5+ Kb5 108. Rb1+ Kc6 109. Rc1 Kb5 110. c6 Bxc6 111.
Rb1+ Ka4 112. Kc5 Bd5 113. Kd6 Ka3 114. Rg1 Kb3 115. Rxg2 Bxg2 116. Kxe6
1/2-1/2

[Event "1. Bl. 0607"]
[Site "?"]
[Date "2006.11.05"]
[Round "3.4"]
[White "Novkovic, Milan"]
[Black "Schade, Wolfgang"]
[Result "1-0"]
[WhiteElo "2415"]
[BlackElo "2206"]
[PlyCount "91"]
[EventDate "2006.11.03"]
[EventType "team"]
[EventRounds "11"]
[EventCountry "AUT"]
[WhiteTeam "SK Hohenems"]
[BlackTeam "SK Leoben"]

1. Nf3 Nf6 2. c4 g6 3. Nc3 Bg7 4. d4 O-O 5. Bg5 d6 6. e3 c6 7. Be2 Nbd7 8. Qc2
Qc7 9. O-O e5 10. Rfd1 Re8 11. Rac1 h6 12. Bh4 b6 13. b4 Bb7 14. h3 a6 15. Bg3
Qc8 16. Nd2 Bf8 17. a3 c5 18. bxc5 bxc5 19. d5 Qc7 20. Rb1 Bg7 21. Rb2 Reb8 22.
Rdb1 Bc8 23. Bd1 Rxb2 24. Rxb2 Rb8 25. f3 Rxb2 26. Qxb2 Qb8 27. Qa2 Qc7 28. Be1
Nb6 29. a4 Bb7 30. Nf1 Nc8 31. g4 Qe7 32. Ng3 Qd7 33. Qb1 Nh7 34. h4 Nf8 35. h5
Qe7 36. Bc2 g5 37. Nce4 Qc7 38. Nf5 Ba8 39. Bc3 Nd7 40. Qd1 f6 41. Qd3 Nf8 42.
Qd2 Bb7 43. Ba5 Qb8 44. Qd3 Kf7 45. Qb3 Nd7 46. Qxb7 1-0

[Event "1. Bl. 0607"]
[Site "?"]
[Date "2006.11.05"]
[Round "3.6"]
[White "Grabher, Heinz"]
[Black "Dietmayer Kraeutler, Marco"]
[Result "1-0"]
[WhiteElo "2282"]
[BlackElo "2262"]
[PlyCount "91"]
[EventDate "2006.11.03"]
[EventType "team"]
[EventRounds "11"]
[EventCountry "AUT"]
[WhiteTeam "SK Hohenems"]
[BlackTeam "SK Leoben"]

1. e4 e5 2. Nf3 Nc6 3. Bc4 Bc5 4. c3 Nf6 5. d3 d6 6. Nbd2 O-O 7. O-O Qe7 8. a4
a5 9. Re1 Ng4 10. Re2 Bb6 11. Nf1 Kh8 12. h3 Nf6 13. Ng3 Be6 14. Qb3 Nd7 15.
Be3 Ra6 16. d4 Bxc4 17. Qxc4 Raa8 18. d5 Ncb8 19. Nf5 Qd8 20. b4 g6 21. Ng3
Bxe3 22. fxe3 Nb6 23. Qb3 Qd7 24. Rea2 h6 25. c4 axb4 26. a5 Nc8 27. Qxb4 Ra7
28. Nxe5 Qe7 29. Nd3 Qg5 30. Qb2+ Kg8 31. Qf2 Na6 32. Qf4 Re8 33. h4 Qxf4 34.
exf4 f5 35. e5 dxe5 36. fxe5 c6 37. Re1 cxd5 38. cxd5 Rd8 39. d6 Nxd6 40. exd6
Rxd6 41. Nf4 Nb4 42. Rae2 Nd3 43. Re8+ Kf7 44. R8e7+ Kf8 45. Nxg6+ Rxg6 46.
Re8+ 1-0

[Event "1. Bl. 0607"]
[Site "?"]
[Date "2006.11.05"]
[Round "3.1"]
[White "Erenburg, Sergey"]
[Black "Pavasovic, Dusko"]
[Result "1/2-1/2"]
[WhiteElo "2585"]
[BlackElo "2575"]
[PlyCount "72"]
[EventDate "2006.11.03"]
[EventType "team"]
[EventRounds "11"]
[EventCountry "AUT"]
[WhiteTeam "SK Advisory Invest Baden"]
[BlackTeam "SK KlZtg MPOe Maria Saal"]

1. e4 e5 2. Nf3 Nc6 3. Bb5 a6 4. Ba4 Nf6 5. O-O Be7 6. Re1 b5 7. Bb3 O-O 8. h3
Bb7 9. d3 d6 10. a3 Na5 11. Ba2 c5 12. Nbd2 Nc6 13. Nf1 Bc8 14. Bg5 Be6 15. Ne3
Bxa2 16. Rxa2 Nd7 17. Bxe7 Nxe7 18. c3 Qc7 19. a4 Nb6 20. b3 bxa4 21. bxa4 Rab8
22. Qc2 Rb7 23. Rb1 Rfb8 24. Rab2 Nd7 25. Nd2 Rxb2 26. Rxb2 Nf6 27. d4 Rxb2 28.
Qxb2 cxd4 29. cxd4 Nc6 30. Nf3 Nxd4 31. Nxd4 exd4 32. Qxd4 Qc1+ 33. Kh2 Qc5 34.
Qd3 Qe5+ 35. g3 a5 36. Nc4 Qc5 1/2-1/2

[Event "1. Bl. 0607"]
[Site "?"]
[Date "2006.11.05"]
[Round "3.2"]
[White "Ragger, Markus"]
[Black "Siebrecht, Sebastian"]
[Result "1-0"]
[WhiteElo "2487"]
[BlackElo "2457"]
[PlyCount "67"]
[EventDate "2006.11.03"]
[EventType "team"]
[EventRounds "11"]
[EventCountry "AUT"]
[WhiteTeam "SK KlZtg MPOe Maria Saal"]
[BlackTeam "SK Advisory Invest Baden"]

1. e4 c5 2. Nf3 e6 3. d4 cxd4 4. Nxd4 a6 5. c4 Nf6 6. Nc3 d6 7. Be3 b6 8. Be2
Bb7 9. f3 Be7 10. O-O O-O 11. Qd2 Nbd7 12. a4 Rc8 13. a5 Re8 14. Bf2 Qc7 15.
Rfd1 Bd8 16. Nb3 Qb8 17. axb6 Nxb6 18. c5 dxc5 19. Nxc5 a5 20. Nb5 Bc6 21. Nd6
a4 22. Nxe8 Bxe8 23. Ba6 Bc7 24. Bxc8 Bxh2+ 25. Kh1 Nxc8 26. Qd8 Bf4 27. Nd7
Qb5 28. g3 Qe2 29. Nxf6+ gxf6 30. Qxe8+ Kg7 31. Kg2 Be3 32. Rf1 Nd6 33. Qxa4
Nc4 34. Rae1 1-0

[Event "1. Bl. 0607"]
[Site "?"]
[Date "2006.11.05"]
[Round "3.6"]
[White "Hoelzl, Franz"]
[Black "Sulyok, Michael"]
[Result "1/2-1/2"]
[WhiteElo "2353"]
[BlackElo "2233"]
[PlyCount "73"]
[EventDate "2006.11.03"]
[EventType "team"]
[EventRounds "11"]
[EventCountry "AUT"]
[WhiteTeam "SK KlZtg MPOe Maria Saal"]
[BlackTeam "SK Advisory Invest Baden"]

1. d4 f5 2. Nf3 Nf6 3. c4 d6 4. Nbd2 g6 5. b4 Bg7 6. Bb2 e5 7. dxe5 Nfd7 8. Qb3
Nxe5 9. c5 Qe7 10. Nxe5 dxe5 11. e4 Be6 12. Bc4 Bxc4 13. Qxc4 Nc6 14. O-O Rd8
15. Nb3 Qf7 16. Qb5 Rb8 17. exf5 gxf5 18. Na5 O-O 19. Rfe1 a6 20. Qa4 Nxa5 21.
Qxa5 e4 22. Bxg7 Qxg7 23. Rad1 Rf6 24. b5 Rg6 25. g3 f4 26. Qd2 e3 27. Qd5+ Kh8
28. Qd8+ Rxd8 29. Rxd8+ Qg8 30. Rxg8+ Kxg8 31. fxe3 fxg3 32. Rd1 gxh2+ 33. Kxh2
axb5 34. Rd8+ Kg7 35. Rd7+ Kh6 36. Rxc7 Rc6 37. Rxb7 1/2-1/2

[Event "1. Bl. 0607"]
[Site "?"]
[Date "2007.01.18"]
[Round "4.1"]
[White "Dizdar, Goran"]
[Black "Pavasovic, Dusko"]
[Result "1/2-1/2"]
[WhiteElo "2541"]
[BlackElo "2575"]
[PlyCount "47"]
[EventDate "2006.11.03"]
[EventType "team"]
[EventRounds "11"]
[EventCountry "AUT"]
[WhiteTeam "SpG Absam / ISK"]
[BlackTeam "SK KlZtg MPOe Maria Saal"]

1. d4 d5 2. c4 e6 3. Nf3 Nf6 4. e3 a6 5. Nbd2 c5 6. b3 cxd4 7. exd4 Nc6 8. Bb2
b6 9. Bd3 Bb7 10. O-O Be7 11. Qe2 O-O 12. Rfd1 Re8 13. Rac1 Bf8 14. Qe3 g6 15.
Ne5 Rc8 16. Ndf3 dxc4 17. bxc4 Bg7 18. Bf1 Qc7 19. Nxc6 Bxc6 20. Ne5 Ba4 21.
Rd2 Qb8 22. Rb1 b5 23. Ba1 Qc7 24. Qf3 1/2-1/2

[Event "1. Bl. 0607"]
[Site "?"]
[Date "2007.01.18"]
[Round "4.2"]
[White "Ragger, Markus"]
[Black "Teske, Henrik"]
[Result "0-1"]
[WhiteElo "2487"]
[BlackElo "2524"]
[PlyCount "56"]
[EventDate "2006.11.03"]
[EventType "team"]
[EventRounds "11"]
[EventCountry "AUT"]
[WhiteTeam "SK KlZtg MPOe Maria Saal"]
[BlackTeam "SpG Absam / ISK"]

1. e4 e5 2. Nf3 Nf6 3. Nxe5 d6 4. Nf3 Nxe4 5. d4 d5 6. Bd3 Nc6 7. O-O Be7 8. c4
Nb4 9. Be2 O-O 10. Nc3 Bf5 11. a3 Nxc3 12. bxc3 Nc6 13. Re1 Re8 14. cxd5 Qxd5
15. Bf4 Rac8 16. Qc1 Na5 17. c4 Qd8 18. Qb2 c5 19. Rad1 cxd4 20. Nxd4 Bf6 21.
Qb5 Bd7 22. Qb1 Ba4 23. Nc2 Qb6 24. Qxb6 axb6 25. Bd3 Red8 26. Be4 Rxd1 27.
Rxd1 Rxc4 28. Re1 g5 0-1

[Event "1. Bl. 0607"]
[Site "?"]
[Date "2007.01.18"]
[Round "4.3"]
[White "Schmittdiel, Eckhard"]
[Black "Bunzmann, Dimitrij"]
[Result "0-1"]
[WhiteElo "2413"]
[BlackElo "2530"]
[PlyCount "78"]
[EventDate "2006.11.03"]
[EventType "team"]
[EventRounds "11"]
[EventCountry "AUT"]
[WhiteTeam "SpG Absam / ISK"]
[BlackTeam "SK KlZtg MPOe Maria Saal"]

1. e4 e6 2. d4 d5 3. Nc3 Bb4 4. e5 c5 5. a3 Bxc3+ 6. bxc3 Ne7 7. a4 Qa5 8. Bd2
Nbc6 9. Nf3 Bd7 10. Bb5 c4 11. O-O h6 12. Qe2 O-O-O 13. Rfb1 g5 14. Ne1 Rdg8
15. h3 Rg6 16. g3 f6 17. exf6 Rxf6 18. Ng2 Rhf8 19. f4 Rg6 20. Kh2 Nf5 21. Bxc6
Bxc6 22. Qe5 Qc7 23. fxg5 hxg5 24. Rf1 Qxe5 25. dxe5 Rh8 26. g4 Rxh3+ 27. Kxh3
Rh6+ 28. Nh4 Rxh4+ 29. Kg2 d4+ 30. Kf2 Rh2+ 31. Ke1 Ng3 32. Rg1 Ne4 33. Rd1 d3
34. cxd3 cxd3 35. Bc1 Rc2 36. Bxg5 Nxg5 37. Rxd3 Rc1+ 38. Rd1 Nf3+ 39. Kf2 Rc2+
0-1

[Event "1. Bl. 0607"]
[Site "?"]
[Date "2007.01.18"]
[Round "4.4"]
[White "Tratar, Marko"]
[Black "Duer, Werner"]
[Result "1-0"]
[WhiteElo "2478"]
[BlackElo "2265"]
[PlyCount "145"]
[EventDate "2006.11.03"]
[EventType "team"]
[EventRounds "11"]
[EventCountry "AUT"]
[WhiteTeam "SK KlZtg MPOe Maria Saal"]
[BlackTeam "SpG Absam / ISK"]

1. Nf3 Nf6 2. c4 c6 3. d4 d5 4. e3 Bg4 5. cxd5 Bxf3 6. Qxf3 cxd5 7. Nc3 Nc6 8.
Bd3 g6 9. Bd2 Bg7 10. Qe2 O-O 11. f4 e6 12. O-O Nb4 13. Bb1 Nc6 14. Rc1 Nd7 15.
Na4 Qe7 16. Bd3 Rfc8 17. Bb5 Qd6 18. Qd1 Bf8 19. a3 Qb8 20. b4 a6 21. Bd3 Qd6
22. Nc5 Rc7 23. Rab1 Nxc5 24. bxc5 Qe7 25. Rb6 Bg7 26. Bc3 h5 27. Rcb1 Rd8 28.
Bc2 Na7 29. Ba5 Rdc8 30. Ba4 Nc6 31. Bxc6 bxc6 32. Rb8 Kh7 33. Bxc7 Rxc7 34.
R1b6 Qf6 35. Qb1 Qh4 36. R6b7 Rxb7 37. Rxb7 Kg8 38. Rb8+ Kh7 39. Rb7 Kg8 40.
Rc7 Qg4 41. Qf1 Qf5 42. Rxc6 Qe4 43. Qf3 Qb1+ 44. Kf2 Qh1 45. Rxa6 Bf6 46. Rb6
Kg7 47. g3 Qc1 48. h4 Qxa3 49. Qe2 Bd8 50. Rb1 Ba5 51. Qc2 Bc7 52. Rb7 Qa5 53.
Qb2 Bd8 54. Rb3 Qa4 55. Kg2 Kf6 56. Ra3 Qc4 57. Ra8 Bc7 58. Ra7 Bd8 59. Ra3 Bc7
60. Rc3 Qa6 61. e4 dxe4 62. d5 e5 63. d6 Ba5 64. Ra3 Kg7 65. Qxe5+ Kh7 66. Qxe4
f5 67. Qe7+ Kh6 68. Qg5+ Kh7 69. Qe7+ Kh6 70. Qg5+ Kh7 71. Re3 Qc6+ 72. Kh2 Bc3
73. Re7+ 1-0

[Event "1. Bl. 0607"]
[Site "?"]
[Date "2007.01.18"]
[Round "4.5"]
[White "Gerhold, Michael"]
[Black "Diermair, Andreas"]
[Result "1/2-1/2"]
[WhiteElo "2218"]
[BlackElo "2391"]
[PlyCount "20"]
[EventDate "2006.11.03"]
[EventType "team"]
[EventRounds "11"]
[EventCountry "AUT"]
[WhiteTeam "SpG Absam / ISK"]
[BlackTeam "SK KlZtg MPOe Maria Saal"]

1. Nf3 Nf6 2. c4 e6 3. Nc3 d5 4. d4 c6 5. Bg5 Nbd7 6. e3 Qa5 7. cxd5 Nxd5 8.
Qd2 Bb4 9. Rc1 N7f6 10. Bd3 c5 1/2-1/2

[Event "1. Bl. 0607"]
[Site "?"]
[Date "2007.01.18"]
[Round "4.6"]
[White "Hoelzl, Franz"]
[Black "Ferrari, Josef"]
[Result "1-0"]
[WhiteElo "2353"]
[BlackElo "2150"]
[PlyCount "83"]
[EventDate "2006.11.03"]
[EventType "team"]
[EventRounds "11"]
[EventCountry "AUT"]
[WhiteTeam "SK KlZtg MPOe Maria Saal"]
[BlackTeam "SpG Absam / ISK"]

1. d4 d5 2. c4 e6 3. Nf3 c5 4. cxd5 exd5 5. Bg5 Nf6 6. Nc3 cxd4 7. Nxd4 Be7 8.
e3 O-O 9. Be2 Nc6 10. O-O Ne4 11. Bxe7 Nxc3 12. Bxd8 Nxd1 13. Nxc6 bxc6 14. Be7
Nxb2 15. Bxf8 Kxf8 16. Rfc1 Bd7 17. Rab1 Na4 18. Rb4 Nb6 19. a4 Ke7 20. a5 Nc8
21. Rcb1 Kd6 22. Ba6 c5 23. Rb8 Rxb8 24. Rxb8 Kc7 25. Rb7+ Kd6 26. Kf1 Be6 27.
Ke2 Kc6 28. Kd2 d4 29. Rb8 dxe3+ 30. Kxe3 Ne7 31. Bd3 Kc7 32. Ra8 Nc6 33. Rh8
Nxa5 34. Rxh7 g5 35. Rh5 c4 36. Rxg5 Kb6 37. Be4 Nb3 38. h4 Nc5 39. Bc2 Nd7 40.
h5 Nf6 41. h6 a5 42. Kd4 1-0

[Event "1. Bl. 0607"]
[Site "?"]
[Date "2007.01.18"]
[Round "4.2"]
[White "Siebrecht, Sebastian"]
[Black "Naumann, Alexander"]
[Result "1/2-1/2"]
[WhiteElo "2457"]
[BlackElo "2549"]
[PlyCount "44"]
[EventDate "2006.11.03"]
[EventType "team"]
[EventRounds "11"]
[EventCountry "AUT"]
[WhiteTeam "SK Advisory Invest Baden"]
[BlackTeam "SK Hohenems"]

1. d4 d5 2. Nf3 Nf6 3. e3 Bf5 4. c4 c6 5. Nc3 e6 6. Qb3 Qc7 7. Bd2 Nbd7 8. Nh4
Be4 9. f3 Bg6 10. g4 dxc4 11. Bxc4 Nd5 12. e4 Nf4 13. O-O-O Nb6 14. Nxg6 hxg6
15. e5 Nbd5 16. Bxd5 Nxd5 17. Nxd5 cxd5+ 18. Kb1 Qb6 19. Qa4+ Qc6 20. Qb3 Qb6
21. Qa4+ Qc6 22. Qb3 Qb6 1/2-1/2

[Event "1. Bl. 0607"]
[Site "?"]
[Date "2007.01.18"]
[Round "4.4"]
[White "Lendwai, Reinhard"]
[Black "Novkovic, Milan"]
[Result "1/2-1/2"]
[WhiteElo "2428"]
[BlackElo "2415"]
[PlyCount "85"]
[EventDate "2006.11.03"]
[EventType "team"]
[EventRounds "11"]
[EventCountry "AUT"]
[WhiteTeam "SK Advisory Invest Baden"]
[BlackTeam "SK Hohenems"]

1. e4 c5 2. Nf3 e6 3. d4 cxd4 4. Nxd4 Nf6 5. Bd3 Nc6 6. Nxc6 dxc6 7. Bf4 Nd7 8.
Nd2 e5 9. Bg3 Bd6 10. Nc4 Bc7 11. Qf3 Qe7 12. c3 h5 13. h3 Nc5 14. Bc2 h4 15.
Bh2 Qg5 16. Ne3 Be6 17. b4 Nd7 18. Bb3 Rh6 19. Nf5 Rf6 20. Qg4 Qxg4 21. hxg4
Bxf5 22. gxf5 Ke7 23. Bg1 Rh6 24. Rh3 Nf6 25. Bc2 Bb6 26. Rb1 Rg8 27. Kf1 g5
28. fxg6 Rhxg6 29. Rxh4 Rxg2 30. Rh1 R2g4 31. Re1 R8g5 32. Bd3 Rg6 33. a4 a5
34. bxa5 Bxa5 35. f3 Rg3 36. Bc5+ Kd7 37. Be2 Bxc3 38. Rd1+ Bd4 39. Bxd4 exd4
40. Rxd4+ Kc7 41. Kf2 Nd7 42. Rh7 Rg7 43. Ke3 1/2-1/2

[Event "1. Bl. 0607"]
[Site "?"]
[Date "2007.01.18"]
[Round "4.5"]
[White "Grabher, Heinz"]
[Black "Baumegger, Siegfried"]
[Result "1/2-1/2"]
[WhiteElo "2282"]
[BlackElo "2418"]
[PlyCount "82"]
[EventDate "2006.11.03"]
[EventType "team"]
[EventRounds "11"]
[EventCountry "AUT"]
[WhiteTeam "SK Hohenems"]
[BlackTeam "SK Advisory Invest Baden"]

1. e4 e5 2. Nf3 Nc6 3. Nc3 Nf6 4. d4 exd4 5. Nxd4 Bb4 6. Nxc6 bxc6 7. Bd3 d5 8.
exd5 cxd5 9. O-O O-O 10. Bg5 c6 11. Qf3 Bd6 12. Rfe1 Rb8 13. Rab1 h6 14. Bxf6
Qxf6 15. Qxf6 gxf6 16. Ne2 Be5 17. c3 c5 18. b3 Be6 19. Rbc1 a5 20. c4 d4 21.
Rb1 Rb6 22. Ng3 Bxg3 23. hxg3 Rfb8 24. Rb2 a4 25. Reb1 axb3 26. axb3 Kg7 27.
Kf1 Bd7 28. Ke2 Ba4 29. Bc2 Bc6 30. f3 Bd7 31. Kd2 Be6 32. Bd3 Ra6 33. Rh1 Ra3
34. Kc2 Rc8 35. Rh5 Ra1 36. Rb1 Ra2+ 37. Rb2 Ra1 38. Rb1 Ra7 39. g4 Ra2+ 40.
Rb2 Ra1 41. Rb1 Ra2+ 1/2-1/2

[Event "1. Bl. 0607"]
[Site "?"]
[Date "2007.01.18"]
[Round "4.6"]
[White "Brandner, Stefan"]
[Black "Atlas, Dimitry"]
[Result "0-1"]
[WhiteElo "2327"]
[BlackElo "2286"]
[PlyCount "74"]
[EventDate "2006.11.03"]
[EventType "team"]
[EventRounds "11"]
[EventCountry "AUT"]
[WhiteTeam "SK Advisory Invest Baden"]
[BlackTeam "SK Hohenems"]

1. e4 e6 2. d4 d5 3. Nd2 Nf6 4. e5 Nfd7 5. Bd3 c5 6. c3 Nc6 7. Ne2 cxd4 8. cxd4
f6 9. exf6 Nxf6 10. Nf3 Bd6 11. O-O Qc7 12. Bg5 O-O 13. Bh4 Nh5 14. Qc2 h6 15.
Bh7+ Kh8 16. Bg6 Rxf3 17. gxf3 Bxh2+ 18. Kg2 Nf4+ 19. Nxf4 Qxf4 20. Bg3 Bxg3
21. fxg3 Qf6 22. Rac1 Bd7 23. Bh5 Nxd4 24. Qg6 Bc6 25. Rfe1 e5 26. Rc3 Nf5 27.
Qxf6 gxf6 28. Bg4 Nd6 29. Be6 Nb5 30. Rc5 Rd8 31. Kf2 Nd4 32. Bh3 Kg7 33. b4
Kg6 34. Bf1 a6 35. Bh3 Re8 36. f4 e4 37. Ke3 Nf3 0-1

[Event "1. Bl. 0607"]
[Site "?"]
[Date "2007.01.18"]
[Round "4.1"]
[White "Kritz, Leonid"]
[Black "Mikhalchishin, Adrian"]
[Result "1/2-1/2"]
[WhiteElo "2597"]
[BlackElo "2540"]
[PlyCount "37"]
[EventDate "2006.11.03"]
[EventType "team"]
[EventRounds "11"]
[EventCountry "AUT"]
[WhiteTeam "SK Sparkasse Jenbach"]
[BlackTeam "SK Leoben"]

1. Nc3 d5 2. e4 dxe4 3. Nxe4 Nf6 4. Nxf6+ exf6 5. d4 Be6 6. Bd3 c5 7. Ne2 Nc6
8. dxc5 Bxc5 9. Nf4 Ne5 10. Bb5+ Ke7 11. Qxd8+ Rhxd8 12. Nxe6 fxe6 13. Bf4 Rd4
14. Be3 Re4 15. Bd3 Nxd3+ 16. cxd3 Re5 17. Rc1 Bxe3 18. fxe3 Kd7 19. Ke2
1/2-1/2

[Event "1. Bl. 0607"]
[Site "?"]
[Date "2007.01.18"]
[Round "4.5"]
[White "Schwarz, Michael"]
[Black "Schein, Karl Heinz"]
[Result "1/2-1/2"]
[WhiteElo "2402"]
[BlackElo "2241"]
[PlyCount "78"]
[EventDate "2006.11.03"]
[EventType "team"]
[EventRounds "11"]
[EventCountry "AUT"]
[WhiteTeam "SK Sparkasse Jenbach"]
[BlackTeam "SK Leoben"]

1. d4 Nf6 2. g3 c5 3. Nf3 e6 4. Bg2 d5 5. O-O Nc6 6. c4 Be7 7. Nc3 O-O 8. cxd5
exd5 9. Bg5 Be6 10. Rc1 c4 11. Ne5 h6 12. Bxf6 Bxf6 13. Nxc6 bxc6 14. e3 Qd7
15. b3 cxb3 16. Qxb3 Rab8 17. Qc2 Bf5 18. Qe2 Rb4 19. Qa6 Rb6 20. Qa4 Rfb8 21.
a3 Qb7 22. e4 Ra6 23. Qd1 dxe4 24. Nxe4 Bxe4 25. Bxe4 Qd7 26. Qd3 Rab6 27. Rfd1
Rd8 28. Rc4 Qe6 29. Ra4 Qd7 30. Kg2 g6 31. Rc4 Kg7 32. Qc2 Qd6 33. a4 Qa3 34.
Rd3 Qa1 35. Rd1 Qa3 36. Rc3 Qb2 37. Qxb2 Rxb2 38. Rcd3 Rb4 39. Bxc6 Rbxd4
1/2-1/2

[Event "1. Bl. 0607"]
[Site "?"]
[Date "2007.01.18"]
[Round "4.6"]
[White "Sandner, Wolfgang"]
[Black "Kleissl, Helmut"]
[Result "1-0"]
[WhiteElo "2234"]
[BlackElo "2311"]
[PlyCount "65"]
[EventDate "2006.11.03"]
[EventType "team"]
[EventRounds "11"]
[EventCountry "AUT"]
[WhiteTeam "SK Leoben"]
[BlackTeam "SK Sparkasse Jenbach"]

1. e4 g6 2. d4 Bg7 3. g3 d5 4. e5 c5 5. c3 Nc6 6. Bg2 e6 7. Be3 Nge7 8. Ne2 Nf5
9. Nd2 h5 10. h3 Bd7 11. Nf3 Nxe3 12. fxe3 Bh6 13. Nf4 cxd4 14. cxd4 Qb6 15. b3
Rc8 16. Rc1 Ke7 17. O-O Nb4 18. Ne1 Nxa2 19. Rxc8 Rxc8 20. Qf3 Bxf4 21. Qxf4
Rf8 22. Nf3 Be8 23. Ng5 Nc3 24. Qf6+ Kd7 25. Qg7 Ne2+ 26. Kh2 Qxb3 27. Qxf8
Qxe3 28. Nxf7 Qxg3+ 29. Kh1 Qh4 30. Qd6+ Kc8 31. Qxe6+ Bd7 32. Nd6+ Kc7 33.
Nb5+ 1-0

[Event "1. Bl. 0607"]
[Site "?"]
[Date "2007.01.18"]
[Round "4.4"]
[White "Pilaj, Herwig"]
[Black "Kindermann, Stefan"]
[Result "1/2-1/2"]
[WhiteElo "2373"]
[BlackElo "2532"]
[PlyCount "42"]
[EventDate "2006.11.03"]
[EventType "team"]
[EventRounds "11"]
[EventCountry "AUT"]
[WhiteTeam "SC Die Klagenfurter"]
[BlackTeam "SpG Holz Dohr   Semriach"]

1. d4 f5 2. g3 Nf6 3. Bg2 g6 4. Nf3 Bg7 5. b3 O-O 6. Bb2 d6 7. c4 Qe8 8. Qc2
Na6 9. Nbd2 Rb8 10. O-O b5 11. Bc3 bxc4 12. bxc4 c5 13. d5 Nb4 14. Qd1 Bd7 15.
Ng5 Na6 16. e4 fxe4 17. Ngxe4 Nxe4 18. Nxe4 Bxc3 19. Nxc3 Qf7 20. Qe2 Qg7 21.
Nb5 Rb7 1/2-1/2

[Event "1. Bl. 0607"]
[Site "?"]
[Date "2007.01.18"]
[Round "4.1"]
[White "Kalod, Radek"]
[Black "Ruck, Robert"]
[Result "1/2-1/2"]
[WhiteElo "2475"]
[BlackElo "2531"]
[PlyCount "52"]
[EventDate "2006.11.03"]
[EventType "team"]
[EventRounds "11"]
[EventCountry "AUT"]
[WhiteTeam "ASVOe Wulkaprodersdorf"]
[BlackTeam "Styria Graz   KlZeitung"]

1. e4 c6 2. d4 d5 3. exd5 cxd5 4. c4 Nf6 5. Nc3 e6 6. Nf3 Bb4 7. cxd5 exd5 8.
Bd3 O-O 9. Ne5 Nc6 10. O-O Nxd4 11. Bxh7+ Nxh7 12. Qxd4 Bxc3 13. Qxc3 d4 14.
Qd3 Re8 15. Bf4 Qd5 16. Rfe1 Nf8 17. b3 f6 18. Nf3 Rd8 19. Nd2 Bf5 20. Qg3 Rac8
21. Rac1 Ne6 22. h4 d3 23. Rxc8 Rxc8 24. Bh6 Qd7 25. Be3 b5 26. Qf3 Nf8 1/2-1/2